000 00290nam a22001217a 4500
020 _a0672326876
082 _222
_a005.7
100 _aMeloni, Julie C.
245 _aPlone content management essentials /
260 _aUSA,
_bSam,
_cc2005.
300 _avii, 245 p. ;
_bill. ;
942 _2ddc
_cIT
999 _c4243
_d4243